Movies by Picture - V - Statistics

General Stats
  • This quiz has been taken 348 times
  • The average score is 5 of 16
Answer Stats
Picture Answer % Correct
Venom
87%
V for Vendetta
73%
Vanilla Sky
43%
Van Helsing
41%
Vertigo
39%
Valkyrie
34%
Vice
25%
Valerian and the City of a Thousand Planets
24%
The Village
20%
Varsity Blues
19%
The Visitors
15%
Valentine's Day
15%
Vanity Fair
11%
Valley of the Dolls
10%
Volver
10%
Vacancy
5%
No matching quizzes found
Score Distribution
Percent of People with Each Score
Percentile by Number Answered
Your Score History
You have not taken this quiz